Sports Quiz

Random Sports Quiz

Notable Players in LLWS Quiz Stats

 Plays Quiz not verified by Sporcle

Challenge
Share
Tweet
Embed
Score 0/48 Timer 20:00
0 Plays Today
Known For Player % Correct
Boston Red Sox Team Captain & CatcherJason Varitek
52.7%
14 Year-Old Pitcher in 2001 LLWSDanny Almonte
48.6%
New York Mets Left FielderJason Bay
43.2%
90s and 00s MLB Outfielder with 500 HRsGary Sheffield
36.5%
Kansas City Chiefs QuarterbackMatt Cassel
31.1%
Retired NY Rangers Captain and CenterChris Drury
29.7%
1996 All-Star Seattle Mariners CatcherDan Wilson
25.7%
1990s Giants Outfielder (Mostly in AAA)Erik Johnson
24.3%
1960s and 1970s Orioles First BasemanBoog Powell
20.3%
1980s Oakland Athletics Third BasemanCarney Lansford
20.3%
Tigers Outfielder (Currently in AAA)Jeff Frazier
17.6%
1970s and 1980s Cleveland Browns QBBrian Sipe
16.2%
1992 World Champion OutfielderDerek Bell
16.2%
Arizona Dbacks Backup Third BasemanSean Burroughs
16.2%
Pirates First Baseman (Currently in AAA)Jeff Clement
14.9%
00s Outfielder with Mets, Nats, & PiratesLastings Milledge
14.9%
Arizona Diamondbacks Starting PitcherJason Marquis
13.5%
1990s Chicago White Sox Starting PitcherWilson Álvarez
12.2%
1996 World Champion Backup 3BCharlie Hayes
10.8%
NBA Players Union Executive DirectorBilly Hunter
9.5%
Toronto Blue Jays OutfielderColby Rasmus
9.5%
Monterrey Sultans Owner (Mex. League)Jose Maiz Garcia
8.1%
Detroit Tigers Hitting CoachLloyd McClendon
8.1%
1994 Stanley Cup Champion Left WingStéphane Matteau
6.8%
Known For Player % Correct
Super Bowl QB for Bills and ChargersGale Gilbert
5.4%
NASCAR World Truck Series DriverAustin Dillon
5.4%
1960s Chicago Cubs Second BasemanKen Hubbs
4.1%
1960s and 1970s Phillies Starting PitcherRick Wise
4.1%
1980s Los Angeles Dodgers OutfielderBobby Mitchell
4.1%
2000s Los Angeles Dodgers OutfielderChin-Feng Chen
4.1%
Mariners Centerfielder (On 40-Man)Michael Saunders
4.1%
1970s Atlanta Braves InfielderLarvell Blanks
2.7%
06 Olympics US Women's Hockey CaptainKrissy Wendell
2.7%
Pittsburgh Pirates Co-OwnerDon Beaver
1.4%
NY Yankees VP for Player PersonnelBilly Connors
1.4%
1960s Pittsburgh Pirates OutfielderCarl Taylor
1.4%
1970s Houston Astros ShortstopHéctor Torres
1.4%
1970 Houston Astros OutfielderKeith Lampard
1.4%
1980s Houston Astros Pinch HitterJim Pankovits
1.4%
1980s Cincinnati Bengals QuarterbackTurk Schonert
1.4%
1997 World Champion Relief PitcherEd Vosberg
1.4%
LA Dodgers Director of Pro ScoutingVance Lovelace
1.4%
Canucks Radio Color CommentatorRay Ferraro
1.4%
2000s St. Louis Cardinals Relief PitcherDave Veres
1.4%
St. Paul Saints (Independent) ManagerGeorge Tsamis
1.4%
1990s St. Louis Blues CenterPierre Turgeon
1.4%
1990s Chicago Cubs Relief PitcherMarc Pisciotta
1.4%
Padres Catcher (Currently in AAA Tucson)Guillermo Quiróz
1.4%

You're not logged in!

Compare scores with friends on all Sporcle quizzes.
Join for Free
OR
Log In

You Might Also Like...

Show Comments

Extras

Top Quizzes Today


Score Distribution

Your Account Isn't Verified!

In order to create a playlist on Sporcle, you need to verify the email address you used during registration. Go to your Sporcle Settings to finish the process.

Report this User

Report this user for behavior that violates our Community Guidelines.

Details: